ESSENTIAL OF PHARMACOLOGY 2ND ED (Record no. 531479)

MARC details
000 -LEADER
fixed length control field 00371pam a2200157a 44500
008 - FIXED-LENGTH DATA ELEMENTS--GENERAL INFORMATION
fixed length control field 230515b2012 xxu||||| |||| 00| 0 eng d
020 ## - INTERNATIONAL STANDARD BOOK NUMBER
International Standard Book Number NULL
041 ## - LANGUAGE CODE
Language code of text/sound track or separate title ENGLISH
082 ## - DEWEY DECIMAL CLASSIFICATION NUMBER
Classification number 610.53
100 ## - MAIN ENTRY--PERSONAL NAME
Personal name DR SURENDER SINGH
245 ## - TITLE STATEMENT
Title ESSENTIAL OF PHARMACOLOGY 2ND ED
250 ## - EDITION STATEMENT
Edition statement 0
260 ## - PUBLICATION, DISTRIBUTION, ETC.
Place of publication, distribution, etc.
Name of publisher, distributor, etc. NEW AGE INTERNATIONAL PUB
Date of publication, distribution, etc. 2012
300 ## - PHYSICAL DESCRIPTION
Extent 608
650 ## - SUBJECT ADDED ENTRY--TOPICAL TERM
Topical term or geographic name entry element NULL
Holdings
Withdrawn status Lost status Damaged status Not for loan Home library Current library Shelving location Date acquired Source of acquisition Cost, normal purchase price Total Checkouts Total Renewals Full call number Barcode Date last seen Date last checked out Price effective from Koha item type
        College of Nursing, Pune College of Nursing, Pune   17/10/2015 SKOTH, SADASHIV PETH, 0 399.00 2 2 610.53 NCP-UG-6033 03/07/2025 25/06/2025 28/06/2023 Book